[Event "Mechanics' Summer TNM; G/2"]
[Site "San Francisco"]
[Date "2015.06.09"]
[Round "3.10"]
[White "Hakobyan, Sos"]
[Black "Krasnov, Steven"]
[Result "1-0"]
[WhiteElo "1873"]
[BlackElo "1977"]
[PlyCount "129"]
[EventDate "2015.??.??"]

1. e4 c5 2. Nf3 e6 3. d3 Nc6 4. g3 d6 5. Bg2 g6 6. O-O Bg7 7. c3 Nge7 8. Re1
O-O 9. a4 Rb8 10. Nbd2 a6 11. Nf1 Qc7 12. Qe2 b5 13. axb5 axb5 14. Bf4 e5 15.
Bd2 b4 16. h4 bxc3 17. bxc3 Bd7 18. Ra2 Be6 19. c4 Rb3 20. Rea1 h6 21. Ne3 Rfb8
22. Nd5 Bxd5 23. cxd5 Rb1+ 24. Kh2 Rxa1 25. Rxa1 Nd4 26. Nxd4 exd4 27. Bf4 Kh7
28. Qa2 Bf6 29. e5 dxe5 30. d6 Qxd6 31. Qxf7+ Bg7 32. Ra7 Nf5 33. Rd7 Rf8 34.
Qxg7+ Nxg7 35. Rxd6 exf4 36. Be4 fxg3+ 37. fxg3 Nf5 38. Rc6 h5 39. Rxc5 Nd6 40.
Rxh5+ Kg7 41. Rd5 Nxe4 42. dxe4 Rf2+ 43. Kh3 Rd2 44. Kg4 Kf6 45. Kf3 Rd1 46.
Ke2 Rg1 47. Rg5 Ra1 48. Kd3 Rd1+ 49. Ke2 Ra1 50. e5+ Kf7 51. e6+ Kxe6 52. Rxg6+
Kd5 53. h5 Ke4 54. Rg4+ Ke5 55. h6 Ra2+ 56. Kd3 Ra3+ 57. Kc2 Ra2+ 58. Kb3 Ra7
59. Rg7 Ra6 60. Rg5+ Ke4 61. h7 Rh6 62. Rg4+ Ke3 63. Rh4 Rxh4 64. gxh4 d3 65.
h8=Q 1-0

[Event "Mechanics' Leighton Allen TNM; G/2"]
[Site "San Francisco"]
[Date "2015.09.15"]
[Round "7.8"]
[White "Hakobyan, Sos"]
[Black "Krasnov, Steven"]
[Result "1-0"]
[WhiteElo "1848"]
[BlackElo "1965"]
[PlyCount "114"]
[EventDate "2015.??.??"]

1. d4 Nf6 2. Nf3 e6 3. a3 c5 4. c3 Nc6 5. Bf4 Qb6 6. b4 cxb4 7. axb4 a5 8. e3
Nd5 9. Bg3 d6 10. Be2 Bd7 11. O-O Be7 12. e4 Nf6 13. e5 Ne4 14. Bf4 dxe5 15.
Nxe5 Nxe5 16. Bxe5 O-O 17. Bd3 Nf6 18. b5 Rfc8 19. c4 Qd8 20. Qf3 b6 21. Rd1
Ra7 22. g4 Be8 23. Qh3 g6 24. Qh6 Bf8 25. Qf4 Bg7 26. Ra2 Nd7 27. Bxg7 Kxg7 28.
Nc3 Qf6 29. Qe3 Qh4 30. Be2 h6 31. d5 Nc5 32. d6 Bd7 33. Ne4 e5 34. Nxc5 Rxc5
35. Rd5 Rxd5 36. cxd5 Qg5 37. Qxb6 Bxg4 38. Qe3 Bxe2+ 39. Qxg5 hxg5 40. Rxe2
Kf6 41. Rc2 Rb7 42. Rb2 Rb6 43. Kg2 Rxd6 44. b6 Rd8 45. b7 Rb8 46. Kf3 Ke7 47.
Ke4 Kd6 48. Rb6+ Kc5 49. Rc6+ Kb5 50. Rc7 Kb6 51. Rxf7 Rxb7 52. Rf6+ Kb5 53.
Rxg6 Rf7 54. f3 Rh7 55. Kxe5 Rxh2 56. Rxg5 Kc5 57. Ke6 Rh6+ {The position is
drawn but White later won in mutual time pressure. Remaining moves unavailable.
} 1-0

[Event "Mechanics' Spring TNM; G/2"]
[Site "San Francisco"]
[Date "2015.03.31"]
[Round "3.21"]
[White "Hakobyan, Sos"]
[Black "Manivannan, Sanjayan"]
[Result "1/2-1/2"]
[WhiteElo "1885"]
[BlackElo "1554"]
[PlyCount "95"]
[EventDate "2015.??.??"]

1. e4 c5 2. Nf3 d6 3. d3 Nc6 4. g3 g6 5. Bg2 Bg7 6. c3 e5 7. a4 Be6 8. O-O Nge7
9. Re1 O-O 10. Nbd2 Qd7 11. Nf1 Na5 12. c4 a6 13. Bd2 Nac6 14. a5 Rab8 15. Ne3
Bh3 16. Nd5 Nxd5 17. cxd5 Nd4 18. Nxd4 exd4 19. Qa4 Qxa4 20. Rxa4 Bd7 21. Ra3
b5 22. axb6 Rxb6 23. Bf4 Re8 24. Rea1 Bb5 25. Rb3 Be5 26. Bh3 Bxf4 27. gxf4 Rb7
28. Re1 f5 29. e5 Ree7 30. e6 Kf8 31. Ra1 c4 32. dxc4 Bxc4 33. Rxb7 Rxb7 34.
Bg2 Rxb2 35. Rc1 d3 36. Bf3 Rc2 37. Rb1 d2 38. Rb8+ Ke7 39. Rb7+ Kd8 40. Rb8+
Kc7 41. e7 Bb5 42. Rxb5 Kd7 43. Rb7+ Ke8 44. Kg2 Rc1 45. Ra7 d1=Q 46. Bxd1 Rxd1
47. Rxa6 Rxd5 48. Ra8+ 1/2-1/2

[Event "Mechanics' Leighton Allen TNM; G/2"]
[Site "San Francisco"]
[Date "2015.08.18"]
[Round "3.22"]
[White "Hakobyan, Sos"]
[Black "Newey, Richard H"]
[Result "1-0"]
[WhiteElo "1848"]
[BlackElo "1856"]
[PlyCount "86"]
[EventDate "2015.??.??"]

1. e4 c5 2. Nf3 d6 3. d4 cxd4 4. Qxd4 a6 5. Nc3 Nc6 6. Qd3 g6 7. a3 Bg7 8. h3
Bd7 9. Be2 Nf6 10. Be3 b5 11. Bf4 Nh5 12. Bh2 Be6 13. Nd1 Qa5+ 14. Nd2 Bc4 15.
Qe3 Bd4 16. Qf3 Bxb2 17. Bxc4 bxc4 18. Nxb2 Nd4 19. Qd1 c3 20. Nbc4 cxd2+ 21.
Nxd2 Qc3 22. O-O Qxc2 23. e5 d5 24. Qe1 e6 25. Qe3 Qa4 26. Rfb1 Nc2 27. Qc5 Qd4
28. Qc6+ Kf8 29. Qxc2 Nf4 30. Bxf4 Qxf4 31. Qc5+ Kg7 32. Qe3 Qf5 33. Rb4 Qc2
34. Qg5 Qf5 35. Qe3 Rab8 36. Rf4 Qc2 37. Rxf7+ Kxf7 38. Qa7+ Kg8 39. Qxb8+ Kg7
40. Qa7+ Kh6 41. Qe3+ Kg7 42. Rb1 Rc8 43. Rb7+ Rc7 1-0

[Event "Mechanics' Spring TNM; G/2"]
[Site "San Francisco"]
[Date "2015.04.14"]
[Round "5.32"]
[White "Hakobyan, Sos"]
[Black "Poler, Sebastian"]
[Result "1-0"]
[WhiteElo "1885"]
[BlackElo "1507"]
[PlyCount "46"]
[EventDate "2015.??.??"]

1. Nf3 d5 2. g3 Bg4 3. Bg2 Nc6 4. d4 Qd7 5. a3 g6 6. Bf4 Bg7 7. c3 O-O-O 8. a4
Bh3 9. O-O Bxg2 10. Kxg2 Nh6 11. b4 Nf5 12. a5 a6 13. Qd3 f6 14. b5 axb5 15.
Qxb5 Nb8 16. Qd3 g5 17. Bd2 g4 18. Ng1 h5 19. a6 bxa6 20. Rxa6 c6 21. Ra8 e5
22. Na3 e4 23. Qa6+ Qb7 1-0

[Event "Mechanics' Leighton Allen TNM; G/2"]
[Site "San Francisco"]
[Date "2015.08.04"]
[Round "1.25"]
[White "Hakobyan, Sos"]
[Black "Tan, Jacky T"]
[Result "1-0"]
[WhiteElo "1848"]
[BlackElo "1112"]
[PlyCount "45"]
[EventDate "2015.??.??"]

1. e4 c5 2. Nf3 d6 3. d4 cxd4 4. Qxd4 a6 5. c4 e5 6. Qd3 Nf6 7. Nc3 Be6 8. b3
Nbd7 9. Be3 Be7 10. h3 O-O 11. Be2 Qc7 12. O-O Nc5 13. Qc2 Qc6 14. Nd5 Rfe8 15.
Nd2 Bxd5 16. cxd5 Qd7 17. Nc4 Qd8 18. Bxc5 dxc5 19. Bd3 Bd6 20. a4 b5 21. axb5
axb5 22. Rxa8 Qxa8 23. Nxd6 1-0

[Event "Mechanics' Summer TNM; G/2"]
[Site "San Francisco"]
[Date "2015.06.23"]
[Round "5.9"]
[White "Hakobyan, Sos"]
[Black "Tsodikova, Natalya"]
[Result "0-1"]
[WhiteElo "1873"]
[BlackElo "2168"]
[PlyCount "80"]
[EventDate "2015.??.??"]

1. e4 e5 2. Nf3 Nc6 3. Bc4 Bc5 4. c3 Nf6 5. d4 exd4 6. cxd4 Bb4+ 7. Nc3 Nxe4 8.
O-O Bxc3 9. d5 Ne5 10. bxc3 Nxc4 11. Qd4 O-O 12. Qxc4 Nd6 13. Qd3 Qf6 14. Ba3
b6 15. Rfe1 a5 16. Nd4 Ba6 17. Qg3 Bc4 18. Re5 Rfe8 19. Bxd6 Qxd6 20. Rae1 Rxe5
21. Rxe5 Qg6 22. Qxg6 hxg6 23. a3 Kf8 24. f4 f6 25. Re3 Bxd5 26. Nb5 Bc4 27.
Nd4 c5 28. Nf3 b5 29. Nd2 d5 30. a4 b4 31. Kf2 b3 32. Nxc4 dxc4 33. Re2 Rd8 34.
Rb2 Rd3 35. Ke2 Rxc3 36. Kd2 Rd3+ 37. Kc1 Ke7 38. Re2+ Kd7 39. h4 c3 40. Re1 c2
0-1

[Event "Mechanics' Summer TNM; G/2"]
[Site "San Francisco"]
[Date "2015.07.07"]
[Round "7.11"]
[White "Hakobyan, Sos"]
[Black "Uzzaman, Ashik"]
[Result "1/2-1/2"]
[WhiteElo "1873"]
[BlackElo "2027"]
[Annotator "Donaldson"]
[PlyCount "108"]
[EventDate "2015.??.??"]

1. e4 c5 2. Nc3 a6 3. a4 Nc6 4. f4 d6 5. Nf3 Nf6 6. h3 e6 7. d3 Be7 8. Be2 Nh5
9. O-O Ng3 10. Rf2 Rb8 11. Kh2 Bh4 12. Nxh4 Qxh4 13. Rf3 Nh5 14. Be3 Nd4 15.
Bxd4 cxd4 16. g3 Nxg3 17. Qe1 dxc3 18. Qxg3 Qxg3+ 19. Rxg3 cxb2 20. Rb1 O-O 21.
Rxb2 Bd7 22. a5 Rfc8 23. d4 e5 24. fxe5 dxe5 25. d5 Ba4 26. c4 Rc5 27. Ra3 Bd7
28. Rab3 Bc8 29. Ra3 Kf8 30. Kg3 Ke7 31. h4 Kd6 32. Rb6+ Kc7 33. d6+ Kd8 34.
Rd3 Rxc4 35. d7 Bxd7 36. Rbd6 (36. Rxd7+ $18) 36... Rd4 37. R3xd4 exd4 38. Bg4
b5 39. Rxd7+ Ke8 40. Rxd4 b4 41. Be2 b3 42. Rd1 Rb4 43. Bxa6 Rxe4 44. Bb5+ Ke7
45. a6 b2 46. Rb1 Rb4 47. a7 Rb3+ 48. Kf4 Ra3 49. a8=N Rxa8 50. Rxb2 Rb8 51.
Re2+ Kf6 52. Bd3 Rb4+ 53. Re4 Rxe4+ 54. Bxe4 g6 1/2-1/2

[Event "Mechanics' Summer TNM; G/2"]
[Site "San Francisco"]
[Date "2015.06.23"]
[Round "5.29"]
[White "Handler, Andrew"]
[Black "Agdamag, Samuel"]
[Result "1-0"]
[WhiteElo "1663"]
[BlackElo "1459"]
[PlyCount "65"]
[EventDate "2015.??.??"]

1. e4 d6 2. d4 Nf6 3. Nc3 g6 4. Be3 Bg7 5. f3 O-O 6. Qd2 Nc6 7. O-O-O e5 8. d5
Ne7 9. Bh6 Bd7 10. h4 Nh5 11. g4 Bxh6 12. Qxh6 Nf4 13. Nh3 Nxh3 14. Rxh3 Kh8
15. Be2 Ng8 16. Qe3 Kg7 17. Rh2 a6 18. g5 f5 19. h5 f4 20. Qg1 Ne7 21. Qg2 Rh8
22. Rdh1 Qf8 23. hxg6 Nxg6 24. Rh6 Be8 25. Qh2 Qg8 26. Bf1 Bd7 27. Bh3 Rd8 28.
Bf5 Nf8 29. Qh4 Ng6 30. Qh3 Bc8 31. Qh5 Bxf5 32. exf5 Nf8 33. f6# 1-0

[Event "Mechanics' Summer TNM; G/2"]
[Site "San Francisco"]
[Date "2015.06.02"]
[Round "2.17"]
[White "Handler, Andrew"]
[Black "Askin, Michael"]
[Result "0-1"]
[WhiteElo "1663"]
[BlackElo "2080"]
[Annotator "Donaldson"]
[PlyCount "59"]
[EventDate "2015.??.??"]

1. e4 c6 2. d4 d5 3. exd5 cxd5 4. Bd3 Nc6 5. c3 Qc7 6. Ne2 Nf6 7. Bf4 Qb6 8.
Qc2 Bg4 9. O-O e6 10. h3 Bh5 11. Nd2 Be7 12. Rae1 Rc8 13. Qb1 O-O 14. Kh1 Bg6
15. Bxg6 hxg6 16. Ng1 Qa6 17. Ngf3 b5 18. a3 Qb7 19. Ne5 Nxe5 20. Bxe5 a5 21.
Nf3 Ne4 22. Qd3 Bxa3 (22... b4 $17) 23. Qb1 $2 (23. bxa3 Rxc3 24. Qb1 Rxa3 $15)
23... Be7 24. Bf4 a4 25. Ne5 g5 26. f3 Nxc3 27. bxc3 gxf4 28. Qc1 Bb4 29. Qxf4
Bxc3 30. Re3 0-1

[Event "Mechanics' Leighton Allen TNM; G/2"]
[Site "San Francisco"]
[Date "2015.08.18"]
[Round "3.20"]
[White "Handler, Andrew"]
[Black "Chen, Mingson"]
[Result "1/2-1/2"]
[WhiteElo "1730"]
[BlackElo "1900"]
[PlyCount "90"]
[EventDate "2015.??.??"]

1. e4 e5 2. Bc4 Nc6 3. Nc3 Nf6 4. d3 Bb4 5. Bg5 h6 6. Bxf6 Bxc3+ 7. bxc3 Qxf6
8. Ne2 O-O 9. O-O d6 10. f4 exf4 11. Nxf4 Qxc3 12. Nd5 Qd4+ 13. Kh1 Bd7 14.
Nxc7 Rad8 15. Bb3 a6 16. Qh5 Ne5 17. h3 Qe3 18. Nd5 Qg5 19. Qxg5 hxg5 20. Ne7+
Kh7 21. d4 Ng6 22. Nxg6 Kxg6 23. Kh2 Bc6 24. d5 Bd7 25. Bc4 f6 26. Bd3 Kf7 27.
a4 Rc8 28. Rfb1 Rc7 29. a5 Ke7 30. g4 Bc8 31. Kg3 Rd8 32. Rb4 Rdd7 33. Rc4 Rxc4
34. Bxc4 Rc7 35. Bd3 Rc5 36. Kf3 Kd8 37. Ke3 Kc7 38. Kd4 Bd7 39. Ra3 Kb8 40.
Ke3 Bb5 41. Bxb5 Rxb5 42. Kd4 Kc7 43. Rc3+ Kb8 44. Ra3 Kc7 45. Rc3+ Kb8 1/2-1/2

[Event "Mechanics' Summer TNM; G/2"]
[Site "San Francisco"]
[Date "2015.07.07"]
[Round "7.19"]
[White "Handler, Andrew"]
[Black "Delaney, Will Fred"]
[Result "1/2-1/2"]
[WhiteElo "1663"]
[BlackElo "1800"]
[PlyCount "64"]
[EventDate "2015.??.??"]

1. e4 c5 2. Nc3 Nc6 3. f4 d6 4. Nf3 Nf6 5. Bc4 Bg4 6. h3 Bxf3 7. Qxf3 Nd4 8.
Qd1 e5 9. O-O a6 10. a4 Be7 11. d3 b6 12. f5 h6 13. Be3 h5 14. Nd5 Nxd5 15.
Bxd5 Rc8 16. c3 Nc6 17. Qb3 O-O 18. Qd1 Bg5 19. Bxg5 Qxg5 20. Qe2 Rc7 21. Rf3
Ne7 22. Bc4 a5 23. Raf1 Kh8 24. Kh2 h4 25. g3 Ng8 26. gxh4 Qxh4 27. f6 g6 28.
Qf2 Qxf2+ 29. R1xf2 Nh6 30. Bd5 Kh7 31. Rg3 Rh8 32. Rfg2 Rg8 1/2-1/2

[Event "Mechanics' Spring TNM; G/2"]
[Site "San Francisco"]
[Date "2015.05.05"]
[Round "8.11"]
[White "Handler, Andrew"]
[Black "Hakobyan, Sos"]
[Result "1/2-1/2"]
[WhiteElo "1672"]
[BlackElo "1885"]
[PlyCount "89"]
[EventDate "2015.??.??"]

1. e4 e6 2. d4 d5 3. Be3 dxe4 4. Nd2 Nf6 5. f3 Nd5 6. Qe2 exf3 7. Ngxf3 Be7 8.
O-O-O Nd7 9. h4 Nxe3 10. Qxe3 Nf6 11. Ne5 Nd5 12. Qf3 Bf6 13. Ne4 a6 14. g4
Bxe5 15. dxe5 Qe7 16. g5 Bd7 17. Bc4 Bc6 18. Rhf1 Rf8 19. Qf2 Nb6 20. Qe2 Nd5
21. Qf2 Qb4 22. Bxd5 Bxd5 23. Nc3 O-O-O 24. Nxd5 Rxd5 25. Rxd5 exd5 26. Qf5+
Kb8 27. Qxh7 Qc4 28. Qd3 Qxh4 29. Qf5 Re8 30. a3 Qe4 31. Qxe4 dxe4 32. Rxf7
Rxe5 33. Rxg7 c6 34. Kd2 e3+ 35. Ke2 Ka7 36. g6 a5 37. Rg8 Kb6 38. g7 Re7 39.
Rf8 Rxg7 40. Kxe3 Rd7 41. Rf4 c5 42. a4 Kc6 43. c4 Kd6 44. b3 Ke5 45. Re4+
1/2-1/2

[Event "Mechanics' Winter TNM; 30/90, SD/30"]
[Site "San Francisco"]
[Date "2015.01.20"]
[Round "3.29"]
[White "Handler, Andrew"]
[Black "Henriques, Keith"]
[Result "1-0"]
[WhiteElo "1672"]
[BlackElo "145"]
[PlyCount "81"]
[EventDate "2015.??.??"]

1. e4 d6 2. d4 Nc6 3. Be3 h6 4. Nf3 Nf6 5. Nc3 e6 6. a3 Be7 7. Bd3 O-O 8. h3 e5
9. d5 Nb8 10. Qe2 a6 11. O-O c6 12. Bc4 Bd7 13. Rad1 Qc7 14. Rd2 b5 15. Bb3 a5
16. dxc6 Nxc6 17. Nxb5 Qc8 18. Nxd6 Qc7 19. Nb5 Qb8 20. Nc3 Be8 21. Rfd1 Qc7
22. Nd5 Qb7 23. Nxf6+ Bxf6 24. Bc5 Qa6 25. Qxa6 Rxa6 26. Bxf8 Kxf8 27. Bd5 Rb6
28. c3 g5 29. b4 axb4 30. axb4 Ne7 31. Ba2 Ra6 32. c4 Rb6 33. b5 Rb7 34. Rb2
Rd7 35. Rxd7 Bxd7 36. c5 Nc8 37. c6 Bxc6 38. bxc6 Bd8 39. Rb8 Nd6 40. c7 Nc8
41. cxd8=Q+ 1-0

[Event "Mechanics' Winter TNM; 30/90, SD/30"]
[Site "San Francisco"]
[Date "2015.02.17"]
[Round "7.29"]
[White "Handler, Andrew"]
[Black "Louie, Henry"]
[Result "1/2-1/2"]
[WhiteElo "1672"]
[BlackElo "1532"]
[PlyCount "81"]
[EventDate "2015.??.??"]

1. e4 e5 2. Bc4 Nf6 3. d3 Nc6 4. Nc3 Be7 5. f4 exf4 6. Bxf4 d6 7. Nf3 h6 8. O-O
Bg4 9. h3 Bh5 10. Qd2 a6 11. a4 g5 12. Bh2 g4 13. hxg4 Nxg4 14. Bf4 Qd7 15. Nd5
O-O-O 16. d4 Rdg8 17. b4 Nd8 18. b5 Kb8 19. bxa6 b6 20. a5 Nf6 21. a7+ Ka8 22.
Nxf6 Bxf6 23. axb6 cxb6 24. Bd5+ Nb7 25. Rf2 Rc8 26. c4 Bg4 27. e5 dxe5 28.
Nxe5 Bxe5 29. Bxe5 Rh7 30. Qf4 Be6 31. Be4 f5 32. Bxf5 Bxf5 33. Qxf5 Qxf5 34.
Rxf5 Na5 35. Bb8 Nc6 36. c5 bxc5 37. Rxc5 Rhh8 38. Rac1 Ne7 39. Rxc8 Nxc8 40.
Kf2 Nxa7 41. Bxa7 1/2-1/2

[Event "Mechanics' Winter TNM; 30/90, SD/30"]
[Site "San Francisco"]
[Date "2015.02.03"]
[Round "5.32"]
[White "Handler, Andrew"]
[Black "Paquette, James"]
[Result "1-0"]
[WhiteElo "1672"]
[BlackElo "1438"]
[PlyCount "57"]
[EventDate "2015.??.??"]

1. e4 g6 2. Nc3 Bg7 3. f4 c5 4. Nf3 d6 5. Bc4 Nc6 6. d3 Qa5 7. Bd2 Nh6 8. O-O
Nd4 9. Nxd4 Bxd4+ 10. Kh1 Ng4 11. Bb5+ Kd8 12. Qf3 f6 13. a4 a6 14. Bc4 Qb4 15.
Bb3 c4 16. dxc4 Qc5 17. Rad1 Nf2+ 18. Rxf2 Bxf2 19. e5 Bd4 20. exd6 exd6 21.
Nd5 h5 22. Bb4 Bg4 23. Qd3 Qc8 24. Qxd4 Qe6 25. Qb6+ Kd7 26. Qxb7+ Kd8 27.
Qxa8+ Kd7 28. Qb7+ Kd8 29. Ba5+ 1-0

[Event "Mechanics' Spring TNM; G/2"]
[Site "San Francisco"]
[Date "2015.03.31"]
[Round "3.30"]
[White "Handler, Andrew"]
[Black "Paquette, James"]
[Result "1-0"]
[WhiteElo "1672"]
[BlackElo "1381"]
[PlyCount "61"]
[EventDate "2015.??.??"]

1. e4 g6 2. Nc3 Bg7 3. f4 c5 4. Nf3 Qa5 5. Bc4 b5 6. Nxb5 Ba6 7. Qe2 Nc6 8. c3
Nf6 9. e5 Nd5 10. g3 O-O 11. O-O Nb6 12. Na3 Nxc4 13. Nxc4 Qb5 14. d3 Na5 $2 {
Diagram #} 15. a4 $1 Qxc4 16. dxc4 Bxc4 17. Qc2 Bxf1 18. Kxf1 Nc4 19. Qe4 d5
20. Qxd5 Nb6 21. Qxc5 e6 22. Qf2 Rfd8 23. Be3 Nc4 24. Qe2 Nxe3+ 25. Qxe3 Rd5
26. c4 Rd7 27. c5 Rc8 28. b4 Bf8 29. Rc1 Rd5 30. a5 Rcd8 31. Ke2 1-0

[Event "Mechanics' Winter TNM; 30/90, SD/30"]
[Site "San Francisco"]
[Date "2015.01.13"]
[Round "2.31"]
[White "Handler, Andrew"]
[Black "Stearman, Micah"]
[Result "1-0"]
[WhiteElo "1672"]
[BlackElo "935"]
[PlyCount "53"]
[EventDate "2015.??.??"]

1. e4 c5 2. Nc3 Nc6 3. f4 g6 4. Nf3 Bg7 5. Bb5 e6 $6 (5... Nd4 $1) 6. Bxc6 bxc6
7. d3 Ne7 8. O-O O-O 9. Qe1 Bb7 10. Qh4 d5 11. e5 d4 12. Ne4 Qd7 13. Nf6+ Bxf6
14. Qxf6 Nd5 15. Qh4 Ne3 16. Bxe3 dxe3 17. Rfe1 Qd5 18. Rxe3 c4 19. Ng5 h5 20.
Ne4 Qd4 21. Rae1 cxd3 22. cxd3 Qxb2 {Diagram #} 23. Nf6+ Kg7 24. Nxh5+ gxh5 25.
Rg3+ Kh6 26. Qf6+ Kh7 27. Qg7# 1-0

[Event "Mechanics' Spring TNM; G/2"]
[Site "San Francisco"]
[Date "2015.03.17"]
[Round "1.31"]
[White "Handler, Andrew"]
[Black "Tokatyan, Shant"]
[Result "1-0"]
[WhiteElo "1672"]
[BlackElo "1109"]
[PlyCount "63"]
[EventDate "2015.??.??"]

1. e4 e6 2. d4 d5 3. Be3 Nf6 4. e5 Nfd7 5. c3 c5 6. Nd2 Qb6 7. Rb1 Nc6 8. Ngf3
cxd4 9. cxd4 Qd8 10. Be2 f6 11. exf6 Nxf6 12. Ne5 Bd6 13. f4 Qa5 14. a3 Ne4 15.
O-O Nxd2 16. Bxd2 Qb6 17. Nxc6 bxc6 18. Bc3 O-O 19. Qd2 e5 20. fxe5 Bxe5 21.
Rxf8+ Kxf8 22. Bb4+ Kg8 23. Bc5 Bxh2+ 24. Kxh2 Qc7+ 25. Kg1 Qg3 26. Bd3 Bh3 27.
Rf1 Bxg2 28. Bxh7+ Kh8 29. Qxg2 Qxg2+ 30. Kxg2 Kxh7 31. Rf8 Rxf8 32. Bxf8 1-0

[Event "Mechanics' Leighton Allen TNM; G/2"]
[Site "San Francisco"]
[Date "2015.09.08"]
[Round "6.12"]
[White "Handler, Andrew To"]
[Black "Anderson, Michael"]
[Result "0-1"]
[WhiteElo "1730"]
[BlackElo "1943"]
[Annotator "Donaldson"]
[PlyCount "48"]
[EventDate "2015.??.??"]

1. e4 c5 2. Nc3 g6 3. f4 Bg7 4. Nf3 Nc6 5. Bb5 e6 $6 (5... Nd4) 6. Bxc6 bxc6 7.
d3 d6 8. O-O Ne7 9. Qe1 O-O 10. b3 Rb8 11. Kh1 Ba6 12. Bd2 d5 13. e5 c4 14.
bxc4 dxc4 15. dxc4 Bxc4 16. Rf2 Nf5 17. Qe4 Qb6 18. Kg1 Bd5 19. Nxd5 cxd5 20.
Qe2 Rfc8 21. c3 Qb2 22. Rff1 Bf8 23. g4 Bc5+ 24. Kg2 Ne3+ 0-1

[Event "Mechanics' Fall TNM; G/2"]
[Site "San Francisco"]
[Date "2015.11.10"]
[Round "4.18"]
[White "Handler, Andrew To"]
[Black "Askin, David Benja"]
[Result "1-0"]
[WhiteElo "1730"]
[BlackElo "1974"]
[PlyCount "82"]
[EventDate "2015.??.??"]

1. e3 d5 2. f4 c5 3. Nf3 Nc6 4. Bb5 a6 5. Bxc6+ bxc6 6. d3 Nf6 7. O-O e6 8. Qe1
Be7 9. Nc3 Qb6 10. Kh1 a5 11. e4 Ba6 12. e5 Nd7 13. Qg3 g6 14. Rb1 d4 15. Na4
Qb4 16. b3 c4 17. a3 Qb7 18. Nxd4 cxd3 19. cxd3 h5 20. h3 c5 21. Ne2 Rb8 22.
Bd2 Qd5 23. Nc1 Bb7 24. Nc3 Qc6 25. Ne4 Qa6 26. Na2 Bd5 27. Nac3 Rxb3 28. Nxd5
Rxb1 29. Nc7+ Kd8 30. Nxa6 Rxf1+ 31. Kh2 Kc8 32. Qe3 Kb7 33. Naxc5+ Nxc5 34.
Nxc5+ Kc6 35. Qe4+ Kxc5 36. Qc4+ Kb6 37. Be3+ Kb7 38. Qb5+ Kc8 39. Qc6+ Kb8 40.
Qb6+ Kc8 41. Qa6+ Kd7 1-0

[Event "Mechanics' Leighton Allen TNM; G/2"]
[Site "San Francisco"]
[Date "2015.08.10"]
[Round "2.25"]
[White "Handler, Andrew To"]
[Black "Brown, Nicholas M"]
[Result "1-0"]
[WhiteElo "1730"]
[BlackElo "1451"]
[PlyCount "51"]
[EventDate "2015.??.??"]

1. e4 c5 2. Nc3 d6 3. f4 g6 4. Nf3 Bg7 5. Bc4 e6 6. O-O Ne7 7. d4 cxd4 8. Nxd4
O-O 9. Be3 a6 10. Bb3 b5 11. g4 Bb7 12. f5 exf5 13. gxf5 Nd7 14. fxg6 Nxg6 15.
Nf5 Nc5 16. Qg4 Nxb3 17. axb3 Bc8 18. Nd5 Bxf5 19. Rxf5 Ne5 {Diagram #} 20.
Rxe5 $1 Kh8 21. Rg5 Bh6 22. Kh1 Bxg5 23. Bxg5 f6 24. Bh4 f5 25. exf5 Rg8 26.
Qd4+ 1-0

[Event "Mechanics' Fall TNM; G/2"]
[Site "San Francisco"]
[Date "2015.10.20"]
[Round "1.31"]
[White "Handler, Andrew To"]
[Black "Enkh, Tergelsar"]
[Result "1-0"]
[WhiteElo "1730"]
[BlackElo "668"]
[PlyCount "63"]
[EventDate "2015.??.??"]

1. e4 e5 2. Bc4 Nc6 3. Nc3 Nf6 4. d3 h6 5. f4 Bc5 6. Nf3 d6 7. f5 Ng4 8. Qe2
Nd4 $2 9. Nxd4 Bxd4 10. Qxg4 Bxc3+ 11. bxc3 g6 12. Qf3 gxf5 13. exf5 Qh4+ 14.
g3 Qf6 15. O-O Bxf5 16. Qxf5 Qxf5 17. Rxf5 Rf8 18. Bxh6 Rh8 19. Bg7 Rh7 20.
Rxf7 O-O-O 21. Be6+ Kb8 22. Raf1 b5 23. Rf8 Rxf8 24. Rxf8+ Kb7 25. Bf6 Rh6 26.
Bd5+ c6 27. Bg2 Kb6 28. h4 a5 29. Bg5 Rh5 30. g4 Rh7 31. Kh2 Kc5 32. Be3# 1-0

[Event "Mechanics' Fall TNM; G/2"]
[Site "San Francisco"]
[Date "2015.11.24"]
[Round "6.16"]
[White "Handler, Andrew To"]
[Black "Rudyak, Felix"]
[Result "0-1"]
[WhiteElo "1730"]
[BlackElo "2010"]
[PlyCount "68"]
[EventDate "2015.??.??"]

1. e4 c5 2. Nc3 e6 3. f4 d5 4. e5 Nc6 5. Bb5 Nge7 6. Nf3 a6 7. Bxc6+ Nxc6 8.
O-O b5 9. Ne2 Bb7 10. c3 Qc7 11. d4 O-O-O 12. Be3 Na5 13. b3 Kb8 14. a4 c4 15.
b4 Nb3 16. Ra2 a5 17. Nc1 bxa4 18. Rxa4 Bc6 19. Ra2 a4 20. Nd2 g6 21. Ndxb3
cxb3 22. Nxb3 axb3 23. Qxb3 Be7 24. b5 Bb7 25. Rfa1 Qb6 26. Bd2 f6 27. c4 dxc4
28. Qxc4 Qxd4+ 29. Qxd4 Rxd4 30. Be3 Rc4 31. b6 Rhc8 32. exf6 Bxf6 33. Rd1 Rc2
34. Rxc2 Rxc2 0-1

[Event "Mechanics' Leighton Allen TNM; G/2"]
[Site "San Francisco"]
[Date "2015.09.01"]
[Round "5.28"]
[White "Harris, Clarence"]
[Black "Ayinala, Nihar"]
[Result "1-0"]
[WhiteElo "1425"]
[BlackElo "1054"]
[PlyCount "43"]
[EventDate "2015.??.??"]

1. e4 c5 2. Nc3 Nc6 3. g3 g6 4. Bg2 Bg7 5. d3 e6 6. f4 Nge7 7. Nf3 O-O 8. O-O
b6 9. Be3 Bb7 10. e5 d5 11. Bf2 d4 12. Ne4 Nd5 13. Nd6 Qd7 14. Nxb7 Qxb7 15.
Nd2 Qd7 16. Ne4 Rfd8 17. Nd6 Nce7 18. Qe2 Nc8 19. Ne4 f5 20. exf6 Nxf6 21.
Nxf6+ Bxf6 22. Bxa8 {and White soon won.} 1-0

[Event "Mechanics' Winter TNM; 30/90, SD/30"]
[Site "San Francisco"]
[Date "2015.01.06"]
[Round "1.14"]
[White "Harris, Clarence"]
[Black "Bayaraa, Chinguun"]
[Result "0-1"]
[WhiteElo "1582"]
[BlackElo "2062"]
[PlyCount "68"]
[EventDate "2015.??.??"]

1. e4 c5 2. Nc3 d6 3. d3 Nc6 4. f4 Nf6 5. Nf3 e6 6. g3 a6 7. Bg2 Qc7 8. O-O Be7
9. Bd2 b5 10. a3 Bb7 11. Qe2 O-O 12. h4 Rac8 13. Nh2 Nd4 14. Qd1 d5 15. e5 Nd7
16. Ne2 Nxe2+ 17. Qxe2 d4 18. Be4 Bxe4 19. Qxe4 c4 20. Bb4 Bc5 21. h5 a5 22.
Bd2 c3 23. bxc3 dxc3+ 24. Be3 Bxe3+ 25. Qxe3 Ra8 26. g4 b4 27. axb4 axb4 28. g5
Nb6 29. Ng4 Nd5 30. Qe4 Rxa1 31. Rxa1 b3 32. cxb3 c2 33. Rc1 Qc3 34. Qc4 Rc8
0-1

[Event "Mechanics' Summer TNM; G/2"]
[Site "San Francisco"]
[Date "2015.07.14"]
[Round "8.32"]
[White "Harris, Clarence"]
[Black "Brown, Nicholas M"]
[Result "1/2-1/2"]
[WhiteElo "1531"]
[BlackElo "1446"]
[PlyCount "63"]
[EventDate "2015.??.??"]

1. e4 c5 2. Nc3 d6 3. d3 Nc6 4. g3 Nf6 5. Bg2 e6 6. f4 e5 7. f5 b6 8. Nf3 Bb7
9. Bg5 Be7 10. O-O Qd7 11. Qd2 h6 12. Bxf6 Bxf6 13. Nd5 O-O-O 14. h4 Ne7 15. c4
Kb8 16. a4 Nxd5 17. cxd5 Rc8 18. Rfc1 Qe7 19. Ra3 g5 20. fxg6 fxg6 21. Rb3 Ba6
22. Rbc3 g5 23. b4 cxb4 24. Rxc8+ Rxc8 25. Rxc8+ Bxc8 26. hxg5 hxg5 27. Qxb4
Qd8 28. a5 Ba6 29. d4 exd4 30. Nxd4 Bxd4+ 31. Qxd4 bxa5 32. Kh2 1/2-1/2

[Event "Mechanics' Spring TNM; G/2"]
[Site "San Francisco"]
[Date "2015.04.21"]
[Round "6.34"]
[White "Harris, Clarence"]
[Black "Cohee, James"]
[Result "0-1"]
[WhiteElo "1467"]
[BlackElo "1653"]
[Annotator "Winslow,Elliott"]
[PlyCount "52"]
[EventDate "2015.??.??"]

1. e4 c5 2. Nc3 Nc6 3. g3 g6 4. Bg2 Bg7 5. f4 d6 6. Nf3 e5 7. d3 Nge7 8. O-O
O-O 9. Be3 Nd4 10. Ne2 Bg4 (10... Nxe2+ 11. Qxe2 exf4) 11. Nexd4 cxd4 12. Bd2
Qd7 13. Qc1 Nc6 14. Nh4 Rae8 15. f5 gxf5 16. exf5 f6 17. h3 Bh5 18. g4 Bf7 19.
Bh6 Qd8 20. Bxg7 Kxg7 21. g5 d5 22. Qd1 e4 23. Qg4 Ne5 24. Qg3 Rg8 25. Qf4 fxg5
26. Qg3 Kh8 0-1